El proyecto de segunda escuadra (Record no. 114189)

MARC details
000 -LEADER
campo de control de longitud fija 00608nam a2200169 4500
001 - NÚMERO DE CONTROL
campo de control 114189
003 - IDENTIFICADOR DE NÚMERO DE CONTROL
campo de control ES-MaACL
005 - FECHA Y HORA DE LA ÚLTIMA TRANSACCIÓN
campo de control 20230906190109.0
007 - CAMPO FIJO DE DESCRIPCIÓN FÍSICA--INFORMACIÓN GENERAL
campo de control de longitud fija t|
008 - DATOS DE LONGITUD FIJA--INFORMACIÓN GENERAL
campo de control de longitud fija 061121s1915 sp r ||||1| spa d
100 1# - ENTRADA PRINCIPAL--NOMBRE DE PERSONA
Nombre de persona Palomo Ruiz, Luis.
9 (RLIN) 143192
245 13 - MENCIÓN DEL TÍTULO
Título El proyecto de segunda escuadra
Resto del título : intervención de D. Luis Palomo en el debate celebrado en el Senado en el mes de febrero de 1915 /
Mención de responsabilidad, etc. Luis Palomo.
260 ## - PUBLICACIÓN, DISTRIBUCIÓN, ETC.
Lugar de publicación, distribución, etc. Madrid :
Nombre del editor, distribuidor, etc. [s. n.],
Fecha de publicación, distribución, etc. 1915 (
Fabricante Sucesores de J. A. García)
300 ## - DESCRIPCIÓN FÍSICA
Extensión 71 p. ;
Dimensiones 19 cm.
710 1# - ENTRADA AGREGADA--NOMBRE DE ENTIDAD CORPORATIVA
Nombre de entidad corporativa o nombre de jurisdicción como elemento de entrada España.
Unidad subordinada Cortes Generales.
-- Senado.
9 (RLIN) 3674
852 4# - LOCALIZACIÓN
Ubicación ES-MaACL
Número de control de estantería T-1445-F-7
Holdings
Estatus retirado Estado de pérdida Estado de daño No para préstamo Colección Biblioteca de origen Biblioteca actual Ubicación en estantería Fecha de adquisición Fuente de adquisición Total de préstamos Signatura topográfica completa Código de barras Visto por última vez Precio de reemplazo Tipo de ítem Koha
        Colección de folletos Biblioteca del Ateneo de Madrid Biblioteca del Ateneo de Madrid Depósito folletos 17/01/2008     T-1445-F-7 1119087 23/02/2023 23/02/2023 Folleto